| 000 | 00431nam a2200145 a 4500 | ||
|---|---|---|---|
| 001 | 2061 | ||
| 003 | CDMR | ||
| 005 | 20130318104404.0 | ||
| 008 | 130130s1995||||||||||||||||||||||||||||d | ||
| 040 |
_aCDMR _bcat _cCPC LLEIDA |
||
| 100 | 1 |
_aPérez Jiménez, Juan Carlos _91533 |
|
| 245 | 1 | 3 |
_aLa imagen múltiple _bDe la televisión a la realidad virtual _cPEREZ JIMENEZ, Juan Carlos |
| 260 |
_aMadrid _c1995 _bJulio Ollero |
||
| 942 |
_cMON _2udc |
||
| 999 |
_c2061 _d2061 |
||